| 000 | 00928nam a2200301Ia 4500 | ||
|---|---|---|---|
| 003 | OSt | ||
| 005 | 20220912151203.0 | ||
| 006 | a|||||r|||| 00| 0 | ||
| 007 | ta | ||
| 008 | 220909b |||||||| |||| 00| 0 eng d | ||
| 020 | _a0792373863 (hbd) | ||
| 024 | _a9937 | ||
| 037 | _cTextual | ||
| 040 |
_aCSL _beng _cCSL |
||
| 041 | _aeng | ||
| 082 | _aB270b89P, P1 | ||
| 100 | _aKimms Alf | ||
| 245 | 0 | _aMathematical programming and financial objectives for scheduling projects | |
| 260 |
_aBoston _bKluwer Academic Pub. _c2001 |
||
| 300 | _aviii, 187p | ||
| 490 | _aInternational series in operations research management science; 38 | ||
| 500 |
_aBibliographical references 173-184p; Index 185-187p. _ccm. |
||
| 650 | _a Mathematical programming | ||
| 650 | _a Production scheduling | ||
| 650 | _aOperation research | ||
| 942 |
_hB270b89P, P1 _cTEXL _2CC |
||
| 999 |
_c63118 _d63118 |
||